000 00914cam a2200241 a 4500
003 EG-GiCUC
008 061108s2002 ua f 001 0 ara d
020 _a9772707489
040 _aEG-GiCUC
_bara
_cEG-GiCUC
092 0 4 _a415.1
_bS9491
_221
099 _a04
_a415.1 S9491
100 1 _aالسليطى : ظبية سعيد
245 1 0 _aتدريس النحو العربى فى ضوء الاتجاهات الحديثة / تأليف ظبية سعيد السليطى : تقديم حسن شحاتة
250 _aط1
260 _aالقاهرة :
_bالدار المصرية اللبنانية :
_c2002
300 _a455ص ؛
_c25سم
504 _aيشتمل على ارجاعات ببليوجرافية (ص361-383) وكشافات
650 7 _aاللغة العربية
_xالنحو
_2qrmak
902 _a3
905 _aابراهيم
_eمدخل
905 _aايمان ع
_eمراجع
942 _2ddc
_cBK
999 _c88690
_d88690